Gaming Quiz

Random Gaming or Video Games Quiz

Legend of Zelda: Majora's Mask Masks Quiz Stats

 Plays Quiz Updated Sep 23, 2013

Support Sporcle.
Go Orange.
Score 0/24 Timer 08:00
0 Plays Today
Mask % Correct
Goron Mask
93.1%
Deku Mask
92.4%
Zora Mask
92%
Bunny Hood
71.4%
Fierce Deity's Mask
70.1%
Stone Mask
67.9%
Keaton Mask
62.3%
Giant's Mask
60.6%
Great Fairy Mask
59.1%
Couple's Mask
58.2%
Mask of Truth
56.9%
Kafei's Mask
56.6%
Mask % Correct
Blast Mask
54.2%
All-Night Mask
53.8%
Postman's Hat
52.8%
Bremen Mask
51.4%
Gibdo Mask
51.2%
Don Gero's Mask
47.4%
Romani's Mask
47.4%
Captain's Hat
46.2%
Garo's Mask
46.1%
Mask of Scents
46%
Circus Leader's Mask
38.6%
Kamaro's Mask
38.1%

From the Vault

Figure Out the Lyrics: TV Theme X

by BGCollector

Feel free to sing along out loud once you figure out what this mystery TV theme song is.
Remove Ads.
Support Sporcle.
Get the best of Sporcle when you Go Orange. This ad-free experience offers more features, more stats, and more fun while also helping to support Sporcle. Thank you for becoming a member.

Show Comments

Extras

Top Quizzes Today


Score Distribution

Your Account Isn't Verified!

In order to create a playlist on Sporcle, you need to verify the email address you used during registration. Go to your Sporcle Settings to finish the process.

Report this User

Report this user for behavior that violates our Community Guidelines.

Details: